000 00936nam a22002417a 4500
999 _c20886
_d20886
005 20200221064401.0
008 200221b xxu||||| |||| 00| 0 spa d
040 _aCO-BoIAVH
_cCO-BoIAVH
041 _aspa
044 _ack
110 _aCentro de Investigaciones para el manejo Ambiental y el Desarrollo (CIMAD)
245 _aProyecto investigación para el manejo de la tortuga negra (chelonia agassizii) en colombia (2003 - 2004)
260 _as.l.:
_bCIMAD,
_c2004.
300 _a53 Páginas:
_c28 x 22 cm.
650 0 _atortuga negra
650 0 _aTortugas marinas
650 0 _aParques Nacionales Naturales
_zColombia
650 0 _aEcología marina
_zColombia
651 0 _aParque Nacional Natural
_zGorgona
710 _aMonash Universidad
710 _aUnidad Administrativa Especial del Sistema de Parques Nacionales Naturales UAESPNN
942 _2ddc
_cINFORME